000 00272nam a22001217a 4500
008 170712b xxu||||| |||| 00| 0 eng d
041 _aeng
080 _23 ED
_a05
100 _a26
101 _aENC
245 _aBENERS READERS ENCYCLOPEDIA
_cROW.H
942 _2udc
_cBK
999 _c20244
_d20244